| 000 | 00502nam a2200181 a 4500 | ||
|---|---|---|---|
| 005 | 20140310183344.0 | ||
| 008 | 070306s19uu xx 00 eng d | ||
| 020 | _a9781403916464 | ||
| 050 |
_aPN 2049 _b.N53 2005 |
||
| 100 | _aNicholson, Helen | ||
| 245 |
_aApplied drama : _bthe gift of theatre / _cHelen Nicholson. |
||
| 260 |
_aLondon : _bPalgrave Macmillan, _c2005. |
||
| 300 |
_a196 p. : _c20 cm. |
||
| 521 | _aMC | ||
| 650 | _aTheatre and society. | ||
| 942 |
_cBK _2lcc _kFOR |
||
| 999 |
_c21909 _d21909 |
||